Estadísticas para Cliquea rápido para salvar a EE.UU.

Haz click aquí para intentar la prueba.

Estadísticas generales

  • Esta prueba ha sido intentada 157 veces
  • La puntuación promedio es 111 de 166

Estadísticas de respuestas

HintRespuesta% Correcto
8 M¡Sálvalos!
97%
20 M¡Sálvalos!
95%
26 M¡Sálvalos!
95%
4 M¡Sálvalos!
95%
30 M¡Sálvalos!
95%
10 M¡Sálvalos!
95%
12 M¡Sálvalos!
95%
14 M¡Sálvalos!
95%
16 M¡Sálvalos!
95%
18 M¡Sálvalos!
95%
28 M¡Sálvalos!
95%
22 M¡Sálvalos!
95%
24 M¡Sálvalos!
95%
0¡Sálvalos!
94%
6 M¡Sálvalos!
94%
32 M¡Sálvalos!
92%
34 M¡Sálvalos!
92%
44 M¡Sálvalos!
91%
50 M¡Sálvalos!
91%
48 M¡Sálvalos!
91%
46 M¡Sálvalos!
91%
2 M¡Sálvalos!
91%
36 M¡Sálvalos!
91%
42 M¡Sálvalos!
89%
56 M¡Sálvalos!
89%
60 M¡Sálvalos!
89%
58 M¡Sálvalos!
89%
40 M¡Sálvalos!
89%
54 M¡Sálvalos!
89%
52 M¡Sálvalos!
89%
38 M¡Sálvalos!
89%
84 M¡Sálvalos!
88%
100 M¡Sálvalos!
88%
98 M¡Sálvalos!
88%
96 M¡Sálvalos!
88%
94 M¡Sálvalos!
88%
92 M¡Sálvalos!
88%
90 M¡Sálvalos!
88%
88 M¡Sálvalos!
88%
86 M¡Sálvalos!
88%
102 M¡Sálvalos!
88%
82 M¡Sálvalos!
88%
68 M¡Sálvalos!
88%
62 M¡Sálvalos!
88%
64 M¡Sálvalos!
88%
66 M¡Sálvalos!
88%
80 M¡Sálvalos!
88%
70 M¡Sálvalos!
88%
74 M¡Sálvalos!
88%
76 M¡Sálvalos!
88%
78 M¡Sálvalos!
88%
72 M¡Sálvalos!
88%
120 M¡Sálvalos!
86%
108 M¡Sálvalos!
86%
110 M¡Sálvalos!
86%
112 M¡Sálvalos!
86%
116 M¡Sálvalos!
86%
126 M¡Sálvalos!
85%
124 M¡Sálvalos!
85%
122 M¡Sálvalos!
85%
118 M¡Sálvalos!
85%
104 M¡Sálvalos!
85%
114 M¡Sálvalos!
85%
106 M¡Sálvalos!
85%
128 M¡Sálvalos!
83%
130 M¡Sálvalos!
83%
132 M¡Sálvalos!
82%
134 M¡Sálvalos!
82%
136 M¡Sálvalos!
78%
138 M¡Sálvalos!
78%
142 M¡Sálvalos!
78%
144 M¡Sálvalos!
78%
146 M¡Sálvalos!
78%
148 M¡Sálvalos!
78%
150 M¡Sálvalos!
78%
152 M¡Sálvalos!
78%
154 M¡Sálvalos!
78%
140 M¡Sálvalos!
78%
156 M¡Sálvalos!
77%
158 M¡Sálvalos!
77%
164 M¡Sálvalos!
75%
166 M¡Sálvalos!
75%
162 M¡Sálvalos!
75%
160 M¡Sálvalos!
75%
182 M¡Sálvalos!
74%
188 M¡Sálvalos!
74%
184 M¡Sálvalos!
74%
186 M¡Sálvalos!
74%
168 M¡Sálvalos!
74%
176 M¡Sálvalos!
72%
178 M¡Sálvalos!
72%
180 M¡Sálvalos!
72%
174 M¡Sálvalos!
72%
172 M¡Sálvalos!
72%
170 M¡Sálvalos!
72%
190 M¡Sálvalos!
71%
192 M¡Sálvalos!
71%
194 M¡Sálvalos!
69%
196 M¡Sálvalos!
69%
198 M¡Sálvalos!
69%
202 M¡Sálvalos!
69%
200 M¡Sálvalos!
68%
210 M¡Sálvalos!
66%
214 M¡Sálvalos!
66%
204 M¡Sálvalos!
66%
208 M¡Sálvalos!
66%
206 M¡Sálvalos!
66%
218 M¡Sálvalos!
65%
212 M¡Sálvalos!
65%
216 M¡Sálvalos!
63%
220 M¡Sálvalos!
63%
222 M¡Sálvalos!
63%
230 M¡Sálvalos!
62%
226 M¡Sálvalos!
62%
234 M¡Sálvalos!
60%
228 M¡Sálvalos!
60%
224 M¡Sálvalos!
60%
232 M¡Sálvalos!
58%
238 M¡Sálvalos!
58%
236 M¡Sálvalos!
57%
242 M¡Sálvalos!
57%
240 M¡Sálvalos!
55%
244 M¡Sálvalos!
55%
248 M¡Sálvalos!
49%
246 M¡Sálvalos!
49%
252 M¡Sálvalos!
46%
250 M¡Sálvalos!
45%
254 M¡Sálvalos!
45%
256 M¡Sálvalos!
43%
258 M¡Sálvalos!
43%
260 M¡Sálvalos!
42%
262 M¡Sálvalos!
38%
264 M¡Sálvalos!
38%
266 M¡Sálvalos!
38%
268 M¡Sálvalos!
35%
270 M¡Sálvalos!
35%
272 M¡Sálvalos!
31%
274 M¡Sálvalos!
31%
276 M¡Sálvalos!
29%
278 M¡Sálvalos!
29%
280 M¡Sálvalos!
29%
282 M¡Sálvalos!
28%
288 M¡Sálvalos!
26%
290 M¡Sálvalos!
26%
286 M¡Sálvalos!
26%
284 M¡Sálvalos!
26%
292 M¡Sálvalos!
25%
294 M¡Sálvalos!
23%
296 M¡Sálvalos!
23%
298 M¡Sálvalos!
23%
300 M¡Sálvalos!
23%
302 M¡Sálvalos!
23%
304 M¡Sálvalos!
22%
306 M¡Sálvalos!
20%
308 M¡Sálvalos!
20%
316 M¡Sálvalos!
18%
310 M¡Sálvalos!
18%
314 M¡Sálvalos!
18%
312 M¡Sálvalos!
18%
318 M¡Sálvalos!
15%
320 M¡Sálvalos!
15%
322 M¡Sálvalos!
15%
324 M¡Sálvalos!
15%
326 M¡Sálvalos!
15%
328 M¡Sálvalos!
14%
330 M¡Sálvalos!
14%

Distribución de puntuación

Porcentaje por número respondido

Porcentaje de gente con cada puntuación

Historial de tus puntuaciones

No has intentado esta prueba.